| 000 | 00584 a2200157 4500 | ||
|---|---|---|---|
| 999 |
_c3994 _d3994 |
||
| 020 | _a085092572X | ||
| 050 | _aLB 1738.5 R47 1998 | ||
| 110 | _aCommon Wealth Secretariat/ ADEA | ||
| 245 |
_aResource materials for school inspectors: _bmodule three, a trainer's guide for inset of serving inspectors / _cCommon Wealth Secretariat |
||
| 264 |
_aLondon: _bCommon Wealth Secretariat, _c1998 |
||
| 300 |
_ax,102p. : _bill. |
||
| 440 | _aBetter schools series | ||
| 500 | _aIncludes index and glossary | ||
| 650 | _aSchool management and organization | ||
| 942 |
_2lcc _cBK _h1738.5 R47 _iCOM _kLB |
||